Remington : (Record no. 19424)
[ view plain ]
| 000 -LEADER | |
|---|---|
| fixed length control field | 01161nam a22002895a 4500 |
| 001 - CONTROL NUMBER | |
| control field | 014916955 |
| 003 - CONTROL NUMBER IDENTIFIER | |
| control field | OSt |
| 005 - DATE AND TIME OF LATEST TRANSACTION | |
| control field | 20160118121415.0 |
| 008 - FIXED-LENGTH DATA ELEMENTS--GENERAL INFORMATION | |
| fixed length control field | 050609t2013 enka frbf 001 0 eng d |
| 020 ## - INTERNATIONAL STANDARD BOOK NUMBER | |
| International Standard Book Number | 9780857110626 |
| 040 ## - CATALOGING SOURCE | |
| Original cataloging agency | AU@ |
| Language of cataloging | eng |
| Transcribing agency | AU@ |
| Modifying agency | BAKER |
| -- | Uk |
| -- | EG-ScBUE |
| -- | EG-ScBUE |
| 082 04 - DEWEY DECIMAL CLASSIFICATION NUMBER | |
| Classification number | 615.1 |
| Item number | REM |
| Edition number | 22 |
| 245 00 - TITLE STATEMENT | |
| Title | Remington : |
| Remainder of title | the science and practice of pharmacy / |
| Statement of responsibility, etc | edited by Loyd V. Allen ... [et al.] |
| 246 30 - VARYING FORM OF TITLE | |
| Title proper/short title | Science and practice of pharmacy |
| 250 ## - EDITION STATEMENT | |
| Edition statement | 22nd ed. |
| 260 ## - PUBLICATION, DISTRIBUTION, ETC. (IMPRINT) | |
| Place of publication, distribution, etc | London ; |
| -- | Philadelphia : |
| Name of publisher, distributor, etc | Pharmaceutical Press / the Royal Pharmaceutical Society : |
| -- | University of Sciences, Philadelphia College of Pharmacy, |
| Date of publication, distribution, etc | c.2013. |
| 300 ## - PHYSICAL DESCRIPTION | |
| Extent | 2 v. : |
| Other physical details | ill. ; |
| Dimensions | 28 cm. |
| 504 ## - BIBLIOGRAPHY, ETC. NOTE | |
| Bibliography, etc | Includes bibliographical references and index. |
| 505 0# - FORMATTED CONTENTS NOTE | |
| Formatted contents note | v. 1. The science of pharmacy -- v. 2. The practice of pharmacy. |
| 650 #0 - SUBJECT ADDED ENTRY--TOPICAL TERM | |
| Topical term or geographic name as entry element | Drugs |
| Form subdivision | Handbooks, manuals, etc. |
| Source of heading or term | BUEsh |
| 9 (RLIN) | 32488 |
| 650 #0 - SUBJECT ADDED ENTRY--TOPICAL TERM | |
| Topical term or geographic name as entry element | Pharmacology |
| Form subdivision | Handbooks, manuals, etc. |
| Source of heading or term | BUEsh |
| 650 #0 - SUBJECT ADDED ENTRY--TOPICAL TERM | |
| Topical term or geographic name as entry element | Pharmacy |
| General subdivision | Practice |
| Form subdivision | Handbooks, manuals, etc. |
| Source of heading or term | BUEsh |
| 651 ## - SUBJECT ADDED ENTRY--GEOGRAPHIC NAME | |
| Source of heading or term | BUEsh |
| 653 ## - INDEX TERM--UNCONTROLLED | |
| Resource For college | Pharmacy |
| Arrived date list | May2015 |
| -- | January2016 |
| 700 1# - ADDED ENTRY--PERSONAL NAME | |
| Personal name | Allen, Loyd V., |
| Relator term | editor. |
| 942 ## - ADDED ENTRY ELEMENTS (KOHA) | |
| Source of classification or shelving scheme | Dewey Decimal Classification |
| Call number prefix | 615.1 REM |
| Withdrawn status | Item status | Source of classification or shelving scheme | Damaged status | Not for loan | Vendor | Home library | Current library | Shelving location | Date acquired | Source of acquisition | Cost, normal purchase price | Serial Enumeration / chronology | Total Checkouts | Full call number | Barcode | Date last seen | Cost, replacement price | Koha item type | Public note |
|---|---|---|---|---|---|---|---|---|---|---|---|---|---|---|---|---|---|---|---|
| Dewey Decimal Classification | Baccah | Central Library | Central Library | Ground Floor | 25/05/2015 | 790.00 | 22353 | 615.1 REM | 000038286 | 15/07/2025 | 988.00 | Reference (NB) | VOL. 1. | ||||||
| Dewey Decimal Classification | Baccah | Central Library | Central Library | Ground Floor | 25/05/2015 | 790.00 | 22353 | 615.1 REM | 000038287 | 15/07/2025 | 988.00 | Reference (NB) | VOL. 2. | ||||||
| Dewey Decimal Classification | Alahram | Central Library | Central Library | Ground Floor | 02/07/2015 | 1841.00 | 306 | 615.1 REM | 000038890 | 15/07/2025 | 2301.25 | Reference (NB) | VOL. 1. | ||||||
| Dewey Decimal Classification | Alahram | Central Library | Central Library | Ground Floor | 02/07/2015 | 1841.00 | 306 | 615.1 REM | 000038891 | 15/07/2025 | 2301.25 | Reference (NB) | VOL. 2. |